| 000 | 00374nam a22001451a 4500 | ||
|---|---|---|---|
| 082 |
_a294.592 3046 _bVAI/M |
||
| 100 |
_aVaidya C V _9122657 |
||
| 245 |
_aThe mahabharata: _b a criticism/ _cby Vaidya C V |
||
| 260 |
_aNew Delhi: _bCosmo, _c1983. |
||
| 300 | _a222p. | ||
| 650 |
_aMahabharata _9122658 |
||
| 650 |
_aHinduism _9122659 |
||
| 650 |
_aReligion _9122660 |
||
| 942 | _cBK | ||
| 999 |
_c26525 _d26525 |
||